000 00605nam a2200217Ia 4500
008 101110s9999 xx 000 0 und d
041 _aENGLISH
082 _bSR24541
100 _aMisra S.K. & Puri V.K.
245 _aDevelopment issues of Indian Economy (T.Y.B.Com)
260 _c2003
_bChetana Publication, Mumbai
300 _a439
365 _b150
520 _aEconomics
546 _aENGLISH
630 _aDevelopment issues of Indian Economy (T.Y.B.Com)
650 _aEconomics
655 _aEconomics
730 _aDevelopment issues of Indian Economy (T.Y.B.Com)
942 _cBOOK
999 _c817211
_d817208